000
00266nam a2200109 a 4500
005
20140414093832.0
008
970110s19uu xx 00 eng d
050
_a
VHS 700
_b
OR 26
245
_a
HRW Videocassette Art Works Level 3.
942
_c
AVM
999
_c
108808
_d
108808